| 000 | 004930000a22001930004500 | ||
|---|---|---|---|
| 001 | 000114 | ||
| 003 | MACL | ||
| 005 | 20150909121302.0 | ||
| 008 | 150909b xxu||||| |||| 00| 0 eng d | ||
| 040 |
_aMACL _cMACL |
||
| 041 | _aEnglish | ||
| 082 | _a820/SAN | ||
| 100 |
_aMenon, T.C. Sankara _99426 |
||
| 245 |
_aChandu Menon _bMakers of indian literature _cT.C. Sankara Menon |
||
| 260 |
_aNew Delhi _c1997 _bSahitya Akademi, |
||
| 350 | _a25 | ||
| 650 |
_aBiography _9144 |
||
| 942 |
_k820 _cBK _2ddc |
||
| 999 |
_c116 _d116 |
||